Diaspora-Egypt - Statistics

General Stats
  • This quiz has been taken 264 times
    260 since last reset
  • The average score is 15 of 19
Answer Stats
Continent Country % Correct
Oceania Australia
98%
North America United States of America
98%
North America Canada
94%
Europe France
91%
Asia Saudi Arabia
90%
Europe Germany
89%
Europe United Kingdom
88%
Europe Italy
85%
Asia United Arab Emirates
84%
Asia Qatar
82%
Africa Libya
74%
Asia Oman
73%
Africa Sudan
73%
Asia Kuwait
69%
Asia Lebanon
68%
Asia Jordan
66%
Asia Israel
63%
Europe the Netherlands
49%
Africa South Africa
41%
No matching quizzes found
Score Distribution
Percent of People with Each Score
Percentile by Number Answered
Your Score History
You have not taken this quiz since the last reset